| 000 | 00424nam a2200157Ia 4500 | ||
|---|---|---|---|
| 008 | 230312s9999||||xx |||||||||||||| ||und|| | ||
| 020 | _a812033021 | ||
| 082 |
_a006.3 _bJON-E |
||
| 100 | _aJong, Kenneth A. | ||
| 245 | 0 | _aEvolutionary computation | |
| 260 |
_bPHI _aNew Delhi _c2006 |
||
| 300 | _a256 | ||
| 546 | _aEng. | ||
| 650 |
_aComputer _vCanonical evolutionary algorithms, Road ahead, Advanced EC Topics |
||
| 942 | _cBK | ||
| 999 |
_c2891 _d2891 |
||